Retratos bellos con luz artificial (Record no. 113235)

MARC details
000 -LEADER
campo de control de longitud fija 00552nam a2200193 4500
001 - NÚMERO DE CONTROL
campo de control 113235
003 - IDENTIFICADOR DE NÚMERO DE CONTROL
campo de control ES-MaACL
007 - CAMPO FIJO DE DESCRIPCIÓN FÍSICA--INFORMACIÓN GENERAL
campo de control de longitud fija t|
008 - DATOS DE LONGITUD FIJA--INFORMACIÓN GENERAL
campo de control de longitud fija 061121s1953 sp r ||||1| spa d
100 1# - ENTRADA PRINCIPAL--NOMBRE DE PERSONA
Nombre de persona Nurnberg, Walter.
9 (RLIN) 86241
245 10 - MENCIÓN DEL TÍTULO
Título Retratos bellos con luz artificial
Resto del título : (glamour) /
Mención de responsabilidad, etc. Walter Nurnberg.
250 ## - MENCION DE EDICION
Mención de edición 1ª ed.
260 ## - PUBLICACIÓN, DISTRIBUCIÓN, ETC.
Lugar de publicación, distribución, etc. Barcelona :
Nombre del editor, distribuidor, etc. Omega,
Fecha de publicación, distribución, etc. 1953.
300 ## - DESCRIPCIÓN FÍSICA
Extensión 63 p., 8 lám. :
Otras características físicas il. ;
Dimensiones 16 cm.
490 1# - MENCIÓN DE SERIE
Mención de serie Foto biblioteca
830 0# - PUNTO DE ACCESO ADICIONAL DE SERIE-TÍTULO UNIFORME
Título uniforme Foto biblioteca
9 (RLIN) 181378
852 ## - LOCALIZACIÓN
Ubicación ES-MaACL
Número de control de estantería C-6169
Sublocalización o colección R.35380
Holdings
Estatus retirado Estado de pérdida Estado de daño No para préstamo Biblioteca de origen Biblioteca actual Ubicación en estantería Fecha de adquisición Fuente de adquisición Total de préstamos Signatura topográfica completa Código de barras Visto por última vez Precio de reemplazo Tipo de ítem Koha
        Biblioteca del Ateneo de Madrid Biblioteca del Ateneo de Madrid Sala Palomar 17/01/2008     C-6169 1118107 23/02/2023 23/02/2023 Libro impreso